Normal view
MARC view
- Voyages
Entry Topical Term
001 - CONTROL NUMBER
- control field: 131077
003 - CONTROL NUMBER IDENTIFIER
- control field: NUST
005 - DATE AND TIME OF LATEST TRANSACTION
- control field: 20251009162037.0
008 - FIXED-LENGTH DATA ELEMENTS
- fixed length control field: 251009|| aca||aabn | a|a d
040 ## - CATALOGING SOURCE
- Original cataloging agency: NUST
- Transcribing agency: NUST
150 ## - HEADING--TOPICAL TERM
- Topical term or geographic name entry element: Voyages
670 ## - SOURCE DATA FOUND
- Source citation: Work cat.: (NUST)184853: Muhammad Amin 28428, Journey through maldives /, 2005.
